header

Joe Moakley's journey (Record no. 9138)

MARC details
000 -LEADER
fixed length control field 01686nam a2200397Ia 4500
001 - CONTROL NUMBER
control field ebr10696027
003 - CONTROL NUMBER IDENTIFIER
control field CaPaEBR
006 - FIXED-LENGTH DATA ELEMENTS--ADDITIONAL MATERIAL CHARACTERISTICS--GENERAL INFORMATION
fixed length control field m u
007 - PHYSICAL DESCRIPTION FIXED FIELD--GENERAL INFORMATION
fixed length control field cr cn|||||||||
008 - FIXED-LENGTH DATA ELEMENTS--GENERAL INFORMATION
fixed length control field 121011s2013 mau sb 001 0beng d
010 ## - LIBRARY OF CONGRESS CONTROL NUMBER
Canceled/invalid LC control number 2012038709
020 ## - INTERNATIONAL STANDARD BOOK NUMBER
Cancelled/invalid ISBN 9781555538071 (cloth : alk. paper)
Cancelled/invalid ISBN 9781555538088 (ebook)
040 ## - CATALOGING SOURCE
Original cataloging agency CaPaEBR
Transcribing agency CaPaEBR
035 ## - SYSTEM CONTROL NUMBER
System control number (OCoLC)842909510
050 14 - LIBRARY OF CONGRESS CALL NUMBER
Classification number E840.8.M63
Item number S36 2013eb
082 04 - DEWEY DECIMAL CLASSIFICATION NUMBER
Classification number 328.73/092
-- B
Edition number 23
100 1# - MAIN ENTRY--PERSONAL NAME
Personal name Schneider, Mark R.
Fuller form of name (Mark Robert),
Dates associated with a name 1948-
245 10 - TITLE STATEMENT
Title Joe Moakley's journey
Medium [electronic resource] :
Remainder of title from South Boston to El Salvador /
Statement of responsibility, etc Mark Robert Schneider.
260 ## - PUBLICATION, DISTRIBUTION, ETC. (IMPRINT)
Place of publication, distribution, etc Boston :
Name of publisher, distributor, etc Northeastern University Press,
Date of publication, distribution, etc c2013.
300 ## - PHYSICAL DESCRIPTION
Extent xvi, 293 p.
504 ## - BIBLIOGRAPHY, ETC. NOTE
Bibliography, etc Includes bibliographical references and index.
533 ## - REPRODUCTION NOTE
Type of reproduction Electronic reproduction.
Place of reproduction Palo Alto, Calif. :
Agency responsible for reproduction ebrary,
Date of reproduction 2013.
Note about reproduction Available via World Wide Web.
-- Access may be limited to ebrary affiliated libraries.
600 10 - SUBJECT ADDED ENTRY--PERSONAL NAME
Personal name Moakley, John Joseph,
Dates associated with a name 1927-2001.
610 10 - SUBJECT ADDED ENTRY--CORPORATE NAME
Corporate name or jurisdiction name as entry element United States.
Subordinate unit Congress.
-- House
Form subdivision Biography.
650 #0 - SUBJECT ADDED ENTRY--TOPICAL TERM
Topical term or geographic name as entry element Legislators
Geographic subdivision Massachusetts
Form subdivision Biography.
Topical term or geographic name as entry element Legislators
Geographic subdivision United States
Form subdivision Biography.
651 #0 - SUBJECT ADDED ENTRY--GEOGRAPHIC NAME
Geographic name Boston (Mass.)
Form subdivision Biography.
Geographic name Massachusetts
General subdivision Politics and government
Chronological subdivision 1951-
Geographic name South Boston (Boston, Mass.)
Form subdivision Biography.
Geographic name United States
General subdivision Politics and government
Chronological subdivision 1945-1989.
Geographic name United States
General subdivision Politics and government
Chronological subdivision 1989-
655 #7 - INDEX TERM--GENRE/FORM
Genre/form data or focus term Electronic books.
Source of term local
710 2# - ADDED ENTRY--CORPORATE NAME
Corporate name or jurisdiction name as entry element ebrary, Inc.
856 40 - ELECTRONIC LOCATION AND ACCESS
Uniform Resource Identifier <a href="http://site.ebrary.com/lib/rucke/Doc?id=10696027">http://site.ebrary.com/lib/rucke/Doc?id=10696027</a>
Public note An electronic book accessible through the World Wide Web; click to view

No items available.

© 2026 Rongo University
Contact us: librarian | system librarian | Rongo university